[Event "Europa tch 2011 femenino"]
[Site "Porto Carras"]
[Date "2011.11.08"]
[Round "6.11"]
[White "Zaksaite, Salomeja"]
[Black "Berzina, Ilze"]
[Result "0-1"]
[WhiteElo "2200"]
[BlackElo "2320"]
[PlyCount "112"]
[EventDate "2011.11.03"]
[EventType "team"]
[EventRounds "9"]
[EventCountry "GRE"]
[Source "lmi"]
[SourceDate "2011.11.03"]
[WhiteTeamCountry "NED"]
[BlackTeamCountry "GRE"]

1. e4 e5 2. Nf3 Nc6 3. Bc4 Nf6 4. d4 exd4 5. e5 Ng4 6. Qe2 Qe7 7. Bf4 d6 8.
exd6 cxd6 9. Na3 a6 10. h3 Qxe2+ 11. Bxe2 Nge5 12. O-O-O Nxf3 13. Bxf3 Be6 14.
Rhe1 Kd7 15. Bxc6+ bxc6 16. Rxd4 d5 17. Nc4 Bc5 18. Ne5+ Kc8 19. Rd3 Bxf2 20.
Rf1 Bb6 21. Nxc6 Kb7 22. Nd4 Bd7 23. Be3 f6 24. Rb3 Kc7 25. Rd1 Rhe8 26. Bf4+
Kb7 27. Nf3 Re4 28. Bh2 Ba4 29. Rbd3 Re2 30. b3 Bc6 31. Bg1 Rxg2 32. Bxb6 Kxb6
33. Nd4 Bd7 34. Re1 Re8 35. Rxe8 Bxe8 36. Nf5 Bf7 37. Kb2 Be6 38. Ne3 Rh2 39.
b4 Kc6 40. Ng4 Bxg4 41. hxg4 h5 42. gxh5 Rxh5 43. Ra3 Kb6 44. Ra5 Re5 45. Kc3
g5 46. Kd4 g4 47. Ra3 Re2 48. Kxd5 Rxc2 49. Rg3 f5 50. Ke5 Rf2 51. a4 Rf3 52.
Rg1 g3 53. Kf6 f4 54. Kf5 Rf2 55. Kg4 g2 56. Kh3 f3 0-1

[Event "Europa tch 2011 femenino"]
[Site "Porto Carras"]
[Date "2011.11.08"]
[Round "6.12"]
[White "Bacic, Kristina"]
[Black "Newrkla, Katharina"]
[Result "0-1"]
[WhiteElo "1803"]
[BlackElo "2131"]
[PlyCount "76"]
[EventDate "2011.11.03"]
[EventType "team"]
[EventRounds "9"]
[EventCountry "GRE"]
[Source "lmi"]
[SourceDate "2011.11.03"]
[WhiteTeamCountry "NED"]
[BlackTeamCountry "GRE"]

1. e4 e5 2. Nf3 Nc6 3. Bc4 Nf6 4. d3 Be7 5. Nc3 O-O 6. h3 d6 7. Bg5 Na5 8. Bb3
Nxb3 9. axb3 h6 10. Be3 a6 11. Qd2 Re8 12. g4 d5 13. g5 d4 14. gxf6 dxe3 15.
fxe3 Bxf6 16. O-O-O Be6 17. d4 c6 18. Qg2 Qc7 19. Qg3 Rac8 20. dxe5 g6 21. Rhg1
Bg7 22. h4 h5 23. Qg5 b5 24. Rdf1 b4 25. Na4 c5 26. Rf2 c4 27. bxc4 Bxc4 28.
Kb1 Bb5 29. b3 Bxa4 30. bxa4 Rb8 31. Rgg2 b3 32. cxb3 Rxb3+ 33. Rb2 Rc3 34. Rg1
Rb8 35. Qg2 Rcb3 36. Rxb3 Rxb3+ 37. Ka2 Qc4 38. Ka1 Qc3+ 0-1

[Event "Europa tch 2011 femenino"]
[Site "Porto Carras"]
[Date "2011.11.08"]
[Round "6.12"]
[White "Kopinits, Anna-Christina"]
[Black "Stojanovic, Marija R"]
[Result "1-0"]
[WhiteElo "2276"]
[BlackElo "2095"]
[PlyCount "77"]
[EventDate "2011.11.03"]
[EventType "team"]
[EventRounds "9"]
[EventCountry "GRE"]
[Source "lmi"]
[SourceDate "2011.11.03"]
[WhiteTeamCountry "NED"]
[BlackTeamCountry "GRE"]

1. e4 c5 2. Nf3 d6 3. d4 cxd4 4. Nxd4 Nf6 5. Nc3 a6 6. Be2 e6 7. O-O Be7 8. Kh1
O-O 9. a4 Nc6 10. Be3 Qc7 11. f4 Rb8 12. Qe1 Re8 13. Qg3 Nb4 14. a5 Bd7 15. e5
Nfd5 16. Nxd5 Nxd5 17. Bd2 b5 18. Bd3 f5 19. exf6 Bxf6 20. c3 b4 21. Bxa6 bxc3
22. Bxc3 Nxc3 23. bxc3 Ra8 24. Bb5 Bxd4 25. Bxd7 Qxc3 26. Qxc3 Bxc3 27. Ra3 Re7
28. Bc6 Bb4 29. Ra4 Rc8 30. a6 Bc5 31. Bb7 Rcc7 32. Rc1 Ba7 33. Rac4 Rxc4 34.
Rxc4 Kf7 35. g3 g6 36. Kg2 e5 37. Bd5+ Ke8 38. Rc8+ Kd7 39. Ra8 1-0

[Event "Europa tch 2011 femenino"]
[Site "Porto Carras"]
[Date "2011.11.08"]
[Round "6.12"]
[White "Milovic, Aleksandra"]
[Black "Exler, Veronika"]
[Result "1/2-1/2"]
[WhiteElo "2171"]
[BlackElo "2124"]
[PlyCount "88"]
[EventDate "2011.11.03"]
[EventType "team"]
[EventRounds "9"]
[EventCountry "GRE"]
[Source "lmi"]
[SourceDate "2011.11.03"]
[WhiteTeamCountry "NED"]
[BlackTeamCountry "GRE"]

1. e4 e5 2. Nf3 Nc6 3. Nc3 Nf6 4. d4 exd4 5. Nxd4 Bb4 6. Nxc6 bxc6 7. Bd3 d5 8.
exd5 cxd5 9. O-O O-O 10. Bg5 c6 11. Na4 Bd6 12. Re1 h6 13. Bh4 Rb8 14. b3 Bd7
15. c4 Bb4 16. Re2 Be6 17. c5 Ba5 18. Qc2 Bc7 19. Bg3 Nh5 20. Bxc7 Qxc7 21.
Rae1 Nf4 22. Re5 Nxd3 23. Qxd3 Rbe8 24. h3 Qd7 25. Qf3 f6 26. R5e2 Bf7 27. Nb2
Bg6 28. Nd3 Be4 29. Qg3 Kf7 30. Nb4 a5 31. Nd3 Qa7 32. Rc1 Qa6 33. Rd2 Re7 34.
Ne1 Rfe8 35. f3 Bg6 36. Nc2 Bxc2 37. Rdxc2 Qd3 38. Kh2 Re5 39. Rc3 Qb5 40. R3c2
R8e7 41. Qf2 Qb4 42. Qd2 Re2 43. Qxb4 axb4 44. Kg1 Rxc2 1/2-1/2

[Event "Europa tch 2011 femenino"]
[Site "Porto Carras"]
[Date "2011.11.08"]
[Round "6.12"]
[White "Moser, Eva"]
[Black "Vojinovic, Jovana"]
[Result "1/2-1/2"]
[WhiteElo "2448"]
[BlackElo "2346"]
[PlyCount "76"]
[EventDate "2011.11.03"]
[EventType "team"]
[EventRounds "9"]
[EventCountry "GRE"]
[Source "lmi"]
[SourceDate "2011.11.03"]
[WhiteTeamCountry "NED"]
[BlackTeamCountry "GRE"]

1. e4 e6 2. d4 d5 3. Nc3 Nf6 4. e5 Nfd7 5. f4 c5 6. Nf3 Nc6 7. Be3 cxd4 8. Nxd4
Bc5 9. Qd2 O-O 10. O-O-O Bxd4 11. Bxd4 Qa5 12. Kb1 Rb8 13. h4 b5 14. Rh3 b4 15.
Ne2 Ba6 16. Nc1 Nxd4 17. Qxd4 Rfc8 18. Nb3 Qb6 19. Qxb6 Rxb6 20. Bxa6 Rxa6 21.
Rd4 Rb6 22. Re3 f6 23. exf6 Nxf6 24. g3 Kf7 25. Rd1 g6 26. Nd4 Ne4 27. Nf3 Kg7
28. Ng5 Nc5 29. Rde1 Rcc6 30. Rd1 h6 31. Nf3 Ne4 32. Nd2 Nf6 33. Nb3 Rc8 34.
Rde1 Ne4 35. R1e2 Rbc6 36. Nd4 Rb6 37. Nb3 Rbc6 38. Nd4 Rb6 1/2-1/2

[Event "Europa tch 2011 femenino"]
[Site "Porto Carras"]
[Date "2011.11.08"]
[Round "6.13"]
[White "Brunello, Marina"]
[Black "De Seroux, Camille"]
[Result "1-0"]
[WhiteElo "2221"]
[BlackElo "2056"]
[PlyCount "57"]
[EventDate "2011.11.03"]
[EventType "team"]
[EventRounds "9"]
[EventCountry "GRE"]
[Source "lmi"]
[SourceDate "2011.11.03"]
[WhiteTeamCountry "NED"]
[BlackTeamCountry "GRE"]

1. e4 c5 2. c3 Nf6 3. e5 Nd5 4. d4 cxd4 5. Nf3 Nc6 6. cxd4 d6 7. Bc4 Nb6 8. Bb5
Bd7 9. Nc3 dxe5 10. dxe5 a6 11. Be2 Bg4 12. O-O Qxd1 13. Rxd1 g6 14. h3 Be6 15.
Bf4 Bg7 16. Bf1 h6 17. Rac1 O-O 18. Nd4 Nxe5 19. Nxe6 fxe6 20. Bg3 Kf7 21. Ne4
Ned7 22. Rc7 Rfd8 23. Rxb7 e5 24. f3 Re8 25. b3 Rab8 26. Bxa6 Ra8 27. Bb5 Ra5
28. a4 e6 29. Rxb6 1-0

[Event "Europa tch 2011 femenino"]
[Site "Porto Carras"]
[Date "2011.11.08"]
[Round "6.13"]
[White "Heinatz, Dr Gundula"]
[Black "Zimina, Olga"]
[Result "1/2-1/2"]
[WhiteElo "2205"]
[BlackElo "2338"]
[PlyCount "41"]
[EventDate "2011.11.03"]
[EventType "team"]
[EventRounds "9"]
[EventCountry "GRE"]
[Source "lmi"]
[SourceDate "2011.11.03"]
[WhiteTeamCountry "NED"]
[BlackTeamCountry "GRE"]

1. d4 d5 2. Nf3 Nf6 3. c4 c6 4. Qc2 e6 5. Nbd2 dxc4 6. Nxc4 c5 7. dxc5 Bxc5 8.
g3 b5 9. Nce5 Qc7 10. Qb3 a6 11. Bg2 Bb7 12. Nd3 Bd6 13. Bf4 Bxf4 14. gxf4 Nd5
15. Rc1 Qa5+ 16. Nd2 O-O 17. Qa3 Qb6 18. Qc5 Qa5 19. Qa3 Qb6 20. Qc5 Qa5 21.
Qa3 1/2-1/2

[Event "Europa tch 2011 femenino"]
[Site "Porto Carras"]
[Date "2011.11.08"]
[Round "6.13"]
[White "Sedina, Elena"]
[Black "Seps, Monika"]
[Result "1-0"]
[WhiteElo "2343"]
[BlackElo "2198"]
[PlyCount "129"]
[EventDate "2011.11.03"]
[EventType "team"]
[EventRounds "9"]
[EventCountry "GRE"]
[Source "lmi"]
[SourceDate "2011.11.03"]
[WhiteTeamCountry "NED"]
[BlackTeamCountry "GRE"]

1. e4 c5 2. Nf3 Nc6 3. Bb5 g6 4. O-O Bg7 5. Re1 e5 6. b4 cxb4 7. a3 Nge7 8.
axb4 O-O 9. Bb2 d6 10. Bxc6 bxc6 11. d4 f6 12. Nbd2 Be6 13. Bc3 Kh8 14. Qe2 Qc7
15. Ra5 g5 16. dxe5 fxe5 17. Nxg5 Bg8 18. Nf1 Ng6 19. g3 Qe7 20. Qh5 Bf6 21. h4
Be6 22. Nxe6 Qxe6 23. Ne3 Bd8 24. Raa1 Bb6 25. Re2 Rg8 26. Kh2 Raf8 27. Nf5 Ne7
28. Nxd6 Bd4 29. Bxd4 exd4 30. Nf5 Nxf5 31. exf5 Qd7 32. f6 Rxf6 33. Qe5 Rgf8
34. Rd1 Kg8 35. Kg1 Rd6 36. Rd3 Rd5 37. Qe6+ Rf7 38. Qxd7 Rfxd7 39. Red2 Kf7
40. Kg2 Ke6 41. g4 Ke5 42. Kg3 Kf6 43. Kf4 h6 44. f3 Kf7 45. Ke4 Re7+ 46. Kf4
Red7 47. h5 Kf6 48. Ke4 Re7+ 49. Kf4 Red7 50. Kg3 Kf7 51. Kf4 Kf6 52. Rd1 Kf7
53. Ke4 Re7+ 54. Kf4 Red7 55. R3d2 Kf6 56. Ra1 Ke6 57. Ra6 Kd6 58. b5 Rf7+ 59.
Kg3 Rxb5 60. Rxd4+ Rd5 61. Rda4 Rc5 62. Rxa7 Rf6 63. Rd4+ Ke5 64. Rd2 Rc3 65.
Re7+ 1-0

[Event "Europa tch 2011 femenino"]
[Site "Porto Carras"]
[Date "2011.11.08"]
[Round "6.13"]
[White "Stoeri, Laura"]
[Black "Messina, Roberta"]
[Result "1-0"]
[WhiteElo "1939"]
[BlackElo "1964"]
[PlyCount "95"]
[EventDate "2011.11.03"]
[EventType "team"]
[EventRounds "9"]
[EventCountry "GRE"]
[Source "lmi"]
[SourceDate "2011.11.03"]
[WhiteTeamCountry "NED"]
[BlackTeamCountry "GRE"]

1. e4 c5 2. Nf3 d6 3. d4 cxd4 4. Nxd4 Nf6 5. Nc3 a6 6. Be3 e6 7. f4 Be7 8. Qf3
Qc7 9. Bd3 Nc6 10. a4 O-O 11. O-O Rd8 12. Nb3 Na5 13. e5 Nd5 14. Nxd5 exd5 15.
Qxd5 Nxb3 16. Qxb3 dxe5 17. Bc4 exf4 18. Bxf4 Qc5+ 19. Be3 Qe5 20. Rxf7 Kh8 21.
Raf1 b5 22. axb5 axb5 23. Bxb5 Rb8 24. c4 Bf6 25. Bf4 Qd4+ 26. Kh1 Ra8 27. Bc7
Be6 28. Bxd8 Bxf7 29. Bxf6 Qxf6 30. Qf3 Qxf3 31. gxf3 Bh5 32. Bc6 Rb8 33. Rb1
Bg6 34. Rd1 h6 35. Rd2 Rc8 36. Bd5 Bf5 37. b4 Bh3 38. Kg1 Bf5 39. Kf2 g5 40. b5
Rb8 41. Rb2 Kg7 42. Ke3 Kf6 43. Kd4 Ke7 44. b6 Rd8 45. b7 Rb8 46. Kc5 Kd7 47.
Kb6 Kd6 48. Bc6 1-0

[Event "Europa tch 2011 femenino"]
[Site "Porto Carras"]
[Date "2011.11.08"]
[Round "6.14"]
[White "Carlsen, Ellen Oen"]
[Black "Bhatia, Kanwal K"]
[Result "0-1"]
[WhiteElo "1931"]
[BlackElo "2087"]
[PlyCount "88"]
[EventDate "2011.11.03"]
[EventType "team"]
[EventRounds "9"]
[EventCountry "GRE"]
[Source "lmi"]
[SourceDate "2011.11.03"]
[WhiteTeamCountry "NED"]
[BlackTeamCountry "GRE"]

1. e4 e5 2. Nf3 Nc6 3. Bb5 a6 4. Ba4 Nf6 5. O-O b5 6. Bb3 Bc5 7. a4 Rb8 8. axb5
axb5 9. c3 d6 10. d4 Bb6 11. h3 O-O 12. Re1 h6 13. Na3 exd4 14. cxd4 Na5 15.
Bc2 b4 16. Nb1 Bb7 17. d5 c6 18. dxc6 Nxc6 19. Bf4 Bc5 20. Nbd2 Qb6 21. Be3 Ba6
22. Nb3 Bxe3 23. Rxe3 Ne5 24. Nfd4 Rfe8 25. Nf5 Rbd8 26. Nbd4 d5 27. Ba4 Rf8
28. exd5 Ng6 29. d6 Kh7 30. Nc6 Rd7 31. Nxb4 Rdd8 32. Nc6 Rd7 33. Nb4 Bb5 34.
Bxb5 Qxb5 35. Qd4 Qxf5 36. Ra6 Rfd8 37. Nd3 Qd5 38. Qxd5 Nxd5 39. Rf3 f6 40. b4
Rxd6 41. Ra7 R6d7 42. Rxd7 Rxd7 43. Nc5 Rc7 44. Ne6 Re7 0-1

[Event "Europa tch 2011 femenino"]
[Site "Porto Carras"]
[Date "2011.11.08"]
[Round "6.14"]
[White "Hegarty, Sarah N"]
[Black "Hansen, Erle Andrea Marki"]
[Result "1-0"]
[WhiteElo "2060"]
[BlackElo "1762"]
[PlyCount "75"]
[EventDate "2011.11.03"]
[EventType "team"]
[EventRounds "9"]
[EventCountry "GRE"]
[Source "lmi"]
[SourceDate "2011.11.03"]
[WhiteTeamCountry "NED"]
[BlackTeamCountry "GRE"]

1. e4 c5 2. Nc3 Nc6 3. g3 g6 4. Bg2 Bg7 5. d3 e6 6. Be3 d6 7. Qd2 Nge7 8. Bh6
O-O 9. h4 f6 10. Bxg7 Kxg7 11. h5 g5 12. h6+ Kh8 13. f4 Ng6 14. Nge2 Bd7 15.
O-O-O Rb8 16. fxg5 fxg5 17. Rhf1 b5 18. Rxf8+ Nxf8 19. Rf1 b4 20. Nd1 e5 21.
Ne3 Be6 22. Nc4 a5 23. Qe3 Bxc4 24. dxc4 Qe7 25. Bh3 Nd4 26. Ng1 Ng6 27. Bf5
Nxf5 28. exf5 Qf6 29. Nh3 Ne7 30. Qxg5 Qxg5+ 31. Nxg5 Rf8 32. g4 Ng8 33. Ne6
Rf7 34. g5 Ne7 35. f6 Ng6 36. b3 Nf8 37. Nxf8 Rxf8 38. f7 1-0

[Event "Europa tch 2011 femenino"]
[Site "Porto Carras"]
[Date "2011.11.08"]
[Round "6.14"]
[White "Johnsen, Sylvia"]
[Black "Ciuksyte, Dagne"]
[Result "0-1"]
[WhiteElo "2028"]
[BlackElo "2327"]
[PlyCount "44"]
[EventDate "2011.11.03"]
[EventType "team"]
[EventRounds "9"]
[EventCountry "GRE"]
[Source "lmi"]
[SourceDate "2011.11.03"]
[WhiteTeamCountry "NED"]
[BlackTeamCountry "GRE"]

1. e4 c5 2. Nf3 e6 3. c3 Nf6 4. e5 Nd5 5. d4 cxd4 6. Qxd4 Nc6 7. Qe4 b6 8. Bc4
Nde7 9. O-O Ng6 10. Re1 Bb7 11. Qe2 Qc7 12. Bd3 Bc5 13. b4 Be7 14. Bd2 O-O 15.
a4 a5 16. b5 Nb8 17. Na3 d6 18. Nc4 Nd7 19. exd6 Bxd6 20. Nxd6 Qxd6 21. Rad1
Bxf3 22. Qxf3 Nde5 0-1

[Event "Europa tch 2011 femenino"]
[Site "Porto Carras"]
[Date "2011.11.08"]
[Round "6.14"]
[White "Yurenok, Maria S"]
[Black "Reppen, Ellisiv"]
[Result "1-0"]
[WhiteElo "2106"]
[BlackElo "1949"]
[PlyCount "85"]
[EventDate "2011.11.03"]
[EventType "team"]
[EventRounds "9"]
[EventCountry "GRE"]
[Source "lmi"]
[SourceDate "2011.11.03"]
[WhiteTeamCountry "NED"]
[BlackTeamCountry "GRE"]

1. d4 Nf6 2. c4 c5 3. d5 b5 4. cxb5 a6 5. b6 g6 6. Nc3 Qxb6 7. e4 d6 8. Nf3
Nbd7 9. a4 Bg7 10. Nd2 O-O 11. a5 Qc7 12. Be2 Bb7 13. Nc4 h6 14. O-O Rad8 15.
f4 Ne8 16. Be3 Qb8 17. f5 Nc7 18. Qd2 Kh7 19. Rf3 Nf6 20. Rh3 Ng8 21. g4 Ne8
22. g5 Bc8 23. gxh6 Bxc3 24. bxc3 gxf5 25. exf5 Ngf6 26. Qd3 Nc7 27. Nb6 Bb7
28. c4 Rg8+ 29. Kf2 Na8 30. Nxa8 Qxa8 31. Rg3 Rxg3 32. hxg3 Kh8 33. g4 Nd7 34.
g5 Ne5 35. Qc3 Qc8 36. Bd3 Rg8 37. Rg1 Qd7 38. Bf4 f6 39. Bxe5 dxe5 40. g6 Qa4
41. Bc2 Qd7 42. Rb1 Bc8 43. Rb8 1-0

[Event "Europa tch 2011 femenino"]
[Site "Porto Carras"]
[Date "2011.11.09"]
[Round "7.1"]
[White "Danielian, Elina"]
[Black "Kosintseva, Nadezhda"]
[Result "1/2-1/2"]
[WhiteElo "2507"]
[BlackElo "2546"]
[PlyCount "102"]
[EventDate "2011.11.03"]
[EventType "team"]
[EventRounds "9"]
[EventCountry "GRE"]
[Source "lmi"]
[SourceDate "2011.11.03"]
[WhiteTeamCountry "NED"]
[BlackTeamCountry "GRE"]

1. d4 Nf6 2. Nf3 e6 3. e3 d5 4. c4 Be7 5. Nbd2 O-O 6. Bd3 b6 7. O-O Bb7 8. b3
Nbd7 9. Bb2 c5 10. Rc1 Rc8 11. Qe2 Re8 12. Rfd1 Bf8 13. Ne5 cxd4 14. exd4 dxc4
15. bxc4 g6 16. Ndf3 Bh6 17. Rb1 Qc7 18. Re1 Nxe5 19. Nxe5 Nd7 20. Ng4 Bg7 21.
Qe3 Nf6 22. Nh6+ Kh8 23. Qg5 Ng8 24. Ng4 Qd8 25. Ne5 Rc7 26. Qg3 Nf6 27. Qf4
Kg8 28. Re3 Nh5 29. Qg4 Nf6 30. Qd1 Nd7 31. Nf3 Nb8 32. Ne5 Nc6 33. Nxc6 Bxc6
34. Bf1 Rd7 35. Rh3 Bxd4 36. Bxd4 Rxd4 37. Qc1 Qf6 38. c5 Be4 39. Ra1 bxc5 40.
Qxc5 Rd2 41. Re1 Bf5 42. Ra3 Qe7 43. Qxa7 Qxa7 44. Rxa7 Red8 45. f3 Bd3 46. a4
Bxf1 47. Kxf1 Ra2 48. Re2 Ra1+ 49. Re1 Ra2 50. Re2 Ra1+ 51. Re1 Ra2 1/2-1/2

[Event "Europa tch 2011 femenino"]
[Site "Porto Carras"]
[Date "2011.11.09"]
[Round "7.1"]
[White "Galojan, Lilit"]
[Black "Kosteniuk, Alexandra"]
[Result "1/2-1/2"]
[WhiteElo "2383"]
[BlackElo "2439"]
[PlyCount "58"]
[EventDate "2011.11.03"]
[EventType "team"]
[EventRounds "9"]
[EventCountry "GRE"]
[Source "lmi"]
[SourceDate "2011.11.03"]
[WhiteTeamCountry "NED"]
[BlackTeamCountry "GRE"]

1. d4 Nf6 2. c4 e6 3. Nc3 Bb4 4. f3 c5 5. d5 b5 6. e4 O-O 7. Nh3 bxc4 8. Bxc4
Nxd5 9. Bxd5 exd5 10. Qxd5 Qb6 11. O-O Na6 12. Be3 Nc7 13. Qh5 Bxc3 14. bxc3 d6
15. Rfd1 f5 16. Bf4 c4+ 17. Kh1 fxe4 18. Rab1 Qc6 19. Ng5 h6 20. Bxd6 Rf5 21.
Be7 Be6 22. Rd6 Rxg5 23. Qxg5 Qxd6 24. Bxd6 hxg5 25. Bxc7 exf3 26. gxf3 Bd5 27.
Rb8+ Rxb8 28. Bxb8 a6 29. Kg1 Bxf3 1/2-1/2

[Event "Europa tch 2011 femenino"]
[Site "Porto Carras"]
[Date "2011.11.09"]
[Round "7.1"]
[White "Kosintseva, Tatiana"]
[Black "Mkrtchian, Lilit"]
[Result "1/2-1/2"]
[WhiteElo "2526"]
[BlackElo "2469"]
[PlyCount "109"]
[EventDate "2011.11.03"]
[EventType "team"]
[EventRounds "9"]
[EventCountry "GRE"]
[Source "lmi"]
[SourceDate "2011.11.03"]
[WhiteTeamCountry "NED"]
[BlackTeamCountry "GRE"]

1. e4 c6 2. d4 d5 3. e5 Bf5 4. Nf3 e6 5. Be2 Nd7 6. O-O Ne7 7. Nbd2 Nc8 8. a4
Be7 9. a5 a6 10. Ne1 Na7 11. f4 Bg6 12. g4 f5 13. Ng2 Nb5 14. c3 Bf7 15. gxf5
exf5 16. Nf3 Nf8 17. Be3 Ne6 18. Qc2 g6 19. Bf2 Qd7 20. Rfd1 Nbc7 21. Bh4 Bxh4
22. Nfxh4 O-O-O 23. Bd3 Ng7 24. Qf2 Qe7 25. Ne3 Rdg8 26. b3 Kb8 27. Kh1 Be6 28.
Rg1 Rd8 29. b4 Rhf8 30. Raf1 Qd7 31. Nc2 Qe7 32. Na1 Bc8 33. Nb3 Nce6 34. Nc5
Nh5 35. Nxe6 Bxe6 36. Be2 Ng7 37. Nf3 Bg8 38. Ne1 Ne6 39. Nd3 Bf7 40. Nc5 Nc7
41. Rg3 Ne6 42. Rh3 Rh8 43. Nxe6 Bxe6 44. Rh6 Rhg8 45. Rg1 Rg7 46. Qg3 Kc7 47.
Qh3 Rdg8 48. Rg5 Rd8 49. Kg1 Rf8 50. Kf2 Rb8 51. Rg1 Rbg8 52. Rg5 Rb8 53. Rg1
Rbg8 54. Rg5 Rb8 55. Rg1 1/2-1/2

[Event "Europa tch 2011 femenino"]
[Site "Porto Carras"]
[Date "2011.11.09"]
[Round "7.2"]
[White "Majdan Gajewska, Joanna"]
[Black "Ushenina, Anna"]
[Result "1/2-1/2"]
[WhiteElo "2386"]
[BlackElo "2463"]
[PlyCount "43"]
[EventDate "2011.11.03"]
[EventType "team"]
[EventRounds "9"]
[EventCountry "GRE"]
[Source "lmi"]
[SourceDate "2011.11.03"]
[WhiteTeamCountry "NED"]
[BlackTeamCountry "GRE"]

1. e4 c5 2. Nf3 Nc6 3. d4 cxd4 4. Nxd4 e5 5. Nb5 d6 6. c4 Be7 7. N1c3 a6 8. Na3
Be6 9. g3 Bg5 10. h4 Bxc1 11. Rxc1 Nf6 12. Nc2 O-O 13. Qd2 Qb6 14. b3 Rfd8 15.
Bg2 Qa5 16. Nd5 Qxd2+ 17. Kxd2 b5 18. Nce3 Nd4 19. Nc2 Nc6 20. Nce3 Nd4 21. Nc2
Nc6 22. Nce3 1/2-1/2

[Event "Europa tch 2011 femenino"]
[Site "Porto Carras"]
[Date "2011.11.09"]
[Round "7.2"]
[White "Muzychuk, Mariya"]
[Black "Szczepkowska-H., Karina"]
[Result "1-0"]
[WhiteElo "2460"]
[BlackElo "2379"]
[PlyCount "175"]
[EventDate "2011.11.03"]
[EventType "team"]
[EventRounds "9"]
[EventCountry "GRE"]
[Source "lmi"]
[SourceDate "2011.11.03"]
[WhiteTeamCountry "NED"]
[BlackTeamCountry "GRE"]

1. e4 e5 2. Nf3 Nc6 3. d4 exd4 4. Nxd4 Nf6 5. Nxc6 bxc6 6. e5 Qe7 7. Qe2 Nd5 8.
c4 Ba6 9. b3 Qh4 10. a3 Bc5 11. g3 Bxf2+ 12. Qxf2 Qe4+ 13. Kd1 Qxh1 14. Nd2 f6
15. cxd5 fxe5 16. Qg2 Qxg2 17. Bxg2 cxd5 18. Bxd5 Rb8 19. Bb2 d6 20. Rc1 Kd8
21. Bc3 Bb7 22. Bxb7 Rxb7 23. Ke2 Rf8 24. b4 Kd7 25. Nc4 Rf6 26. Bd2 Rb8 27.
Be3 a6 28. Nd2 Ra8 29. Ne4 Rff8 30. Nc3 Ke6 31. Kd3 d5 32. Bc5 Rf5 33. Ke2 d4
34. Ne4 Kd5 35. Nf2 e4 36. Rd1 d3+ 37. Kd2 a5 38. Ng4 Rf3 39. Rc1 h5 40. Ne3+
Ke6 41. Rc4 Ke5 42. Bd4+ Kd6 43. Bc5+ Ke5 44. Nd1 axb4 45. Bxb4 h4 46. Bc3+ Kd5
47. Ne3+ Kd6 48. Rxe4 hxg3 49. hxg3 c5 50. a4 Kd7 51. g4 g5 52. Kxd3 Kc6 53. a5
Rd8+ 54. Ke2 Rh3 55. Re6+ Kb5 56. Be5 Rd7 57. a6 c4 58. Rd6 Rdh7 59. Rd5+ Kxa6
60. Nxc4 R7h4 61. Rd4 Rb3 62. Nd2 Ra3 63. Bd6 Ra1 64. Kf3 Rh3+ 65. Ke4 Ra5 66.
Nf3 Rh1 67. Be7 Rf1 68. Bxg5 Kb7 69. Be3 Kc8 70. g5 Ra6 71. Ne5 Re1 72. Kf4
Rf1+ 73. Kg4 Ra2 74. Bf4 Rg2+ 75. Kf5 Rh1 76. g6 Rh8 77. Rc4+ Kb7 78. Rb4+ Ka6
79. Nf7 Rg8 80. Ne5 Rf8+ 81. Ke6 Re8+ 82. Kf7 Rc8 83. Nd7 Ka5 84. Re4 Rc6 85.
Nf6 Ra6 86. Re7 Rf2 87. Be5 Rg2 88. g7 1-0

[Event "Europa tch 2011 femenino"]
[Site "Porto Carras"]
[Date "2011.11.09"]
[Round "7.2"]
[White "Socko, Monika"]
[Black "Lahno, Kateryna"]
[Result "1-0"]
[WhiteElo "2479"]
[BlackElo "2549"]
[PlyCount "113"]
[EventDate "2011.11.03"]
[EventType "team"]
[EventRounds "9"]
[EventCountry "GRE"]
[Source "lmi"]
[SourceDate "2011.11.03"]
[WhiteTeamCountry "NED"]
[BlackTeamCountry "GRE"]

1. d4 Nf6 2. c4 g6 3. Nc3 d5 4. Bf4 Bg7 5. e3 c5 6. dxc5 Qa5 7. Rc1 dxc4 8.
Bxc4 O-O 9. Nf3 Qxc5 10. Bb3 Nc6 11. O-O Qa5 12. h3 Bf5 13. Qe2 Ne4 14. g4 Nxc3
15. bxc3 Bd7 16. Rfd1 Rad8 17. Rd5 Qa3 18. Rcd1 Be6 19. Rxd8 Nxd8 20. Qb5 Bxb3
21. axb3 a6 22. Qb6 Ne6 23. Be5 Qc5 24. Qxc5 Nxc5 25. Bxg7 Kxg7 26. b4 Ne4 27.
Rd7 Rb8 28. Rxe7 Nxc3 29. Rd7 Kf6 30. Nd4 Na2 31. g5+ Ke5 32. b5 a5 33. b6 Nc3
34. Nb3 Na4 35. Rxf7 Nxb6 36. Nxa5 Ra8 37. Rxb7 Nd5 38. Nc4+ Kf5 39. Kg2 Ra2
40. Kf3 Nc3 41. h4 Ra4 42. Rc7 Ne4 43. Rf7+ Ke6 44. Rf4 Nc3 45. Rd4 Rb4 46. Ne5
Rxd4 47. exd4 Nb5 48. Ke3 Nd6 49. Kf4 Nf5 50. h5 Nxd4 51. hxg6 Ne2+ 52. Kg4
hxg6 53. Nxg6 Nd4 54. f4 Kf7 55. Ne5+ Ke6 56. Nd3 Nc6 57. f5+ 1-0

[Event "Europa tch 2011 femenino"]
[Site "Porto Carras"]
[Date "2011.11.09"]
[Round "7.2"]
[White "Zhukova, Natalia"]
[Black "Zawadzka, Jolanta"]
[Result "0-1"]
[WhiteElo "2427"]
[BlackElo "2326"]
[PlyCount "52"]
[EventDate "2011.11.03"]
[EventType "team"]
[EventRounds "9"]
[EventCountry "GRE"]
[Source "lmi"]
[SourceDate "2011.11.03"]
[WhiteTeamCountry "NED"]
[BlackTeamCountry "GRE"]

1. d4 d5 2. c4 e6 3. Nf3 Nf6 4. Nc3 Bb4 5. e3 c5 6. Bd3 dxc4 7. Bxc4 cxd4 8.
exd4 O-O 9. O-O b6 10. Bg5 Bb7 11. Rc1 Nbd7 12. Qe2 Rc8 13. Ne5 h6 14. Nxd7
Qxd7 15. Bxf6 gxf6 16. Qg4+ Kh7 17. d5 f5 18. dxe6 fxg4 19. exd7 Rxc4 20. Nb5
Rxc1 21. Rxc1 Rd8 22. Rc7 Bd5 23. a3 Be7 24. Nxa7 Bd6 25. Rc1 Rxd7 26. Nb5 Be5
0-1

[Event "Europa tch 2011 femenino"]
[Site "Porto Carras"]
[Date "2011.11.09"]
[Round "7.3"]
[White "Dzagnidze, Nana"]
[Black "Muzychuk, Anna"]
[Result "1/2-1/2"]
[WhiteElo "2516"]
[BlackElo "2557"]
[PlyCount "28"]
[EventDate "2011.11.03"]
[EventType "team"]
[EventRounds "9"]
[EventCountry "GRE"]
[Source "lmi"]
[SourceDate "2011.11.03"]
[WhiteTeamCountry "NED"]
[BlackTeamCountry "GRE"]

1. d4 d5 2. c4 c6 3. Nf3 Nf6 4. Qb3 e6 5. g3 Nbd7 6. Bg2 Be7 7. O-O b6 8. Nc3
O-O 9. Rd1 Bb7 10. Bf4 Nh5 11. Rac1 Nxf4 12. gxf4 Rc8 13. Ne5 Bd6 14. e3 Bb8
1/2-1/2

[Event "Europa tch 2011 femenino"]
[Site "Porto Carras"]
[Date "2011.11.09"]
[Round "7.3"]
[White "Khurtsidze, Nino"]
[Black "Srebrnic, Ana"]
[Result "1-0"]
[WhiteElo "2440"]
[BlackElo "2219"]
[PlyCount "77"]
[EventDate "2011.11.03"]
[EventType "team"]
[EventRounds "9"]
[EventCountry "GRE"]
[Source "lmi"]
[SourceDate "2011.11.03"]
[WhiteTeamCountry "NED"]
[BlackTeamCountry "GRE"]

1. Nf3 g6 2. e4 Bg7 3. d4 d6 4. Bc4 Nf6 5. Nc3 O-O 6. O-O c6 7. e5 Ne8 8. Qe2
Bg4 9. Bf4 d5 10. Bb3 Nc7 11. h3 Bxf3 12. Qxf3 Nd7 13. Rad1 e6 14. Qe3 b6 15.
Ne2 c5 16. c3 a5 17. Bg5 f6 18. exf6 Bxf6 19. Bf4 Re8 20. Ba4 c4 21. Kh1 Rb8
22. Qg3 Rb7 23. Ng1 Bh4 24. Qg4 b5 25. Bc2 Bf6 26. Nf3 Bg7 27. Rfe1 Nf8 28. h4
b4 29. h5 bxc3 30. bxc3 Rb2 31. Rd2 Rxa2 32. hxg6 h6 33. Ne5 Nb5 34. Nf7 Qd7
35. Qh5 Nxc3 36. Bxh6 Nxg6 37. Bxg6 Rxd2 38. Bxd2 Bxd4 39. Qh7+ 1-0